| 000 | 00885 aa a2200217 4500 | ||
|---|---|---|---|
| 005 | 20120526125821.0 | ||
| 010 | _a | ||
| 020 |
_c100.00 _a |
||
| 035 | _aA-994655 | ||
| 037 | _bpub | ||
| 082 | _a575.1 | ||
| 100 |
_aपटैरिया, हरिनारायण _948015 |
||
| 245 |
_aजैविकीय मानव विज्ञान / _cहरिनारायण पटैरिया |
||
| 246 |
_a _b |
||
| 260 |
_aभोपाल _bमध्यप्रदेश हिन्दी ग्रन्थ निकेतन _c |
||
| 270 |
_a _b _e |
||
| 300 |
_a230पृ _c22 सेमी (सजिल्द) |
||
| 490 |
_a _948016 |
||
| 942 |
_adpl _cHN _k _2ddc _h575.1 _mपटैरि |
||
| 999 |
_c67220 _d67220 |
||